| 000 | 00682cam a2200241 a 4500 | ||
|---|---|---|---|
| 001 | 000018778 | ||
| 003 | UkOxU | ||
| 005 | 20200929165845.0 | ||
| 008 | 930823s1993 xxc 000 1 eng d | ||
| 020 | _a0373116438 | ||
| 082 |
_a813.54 _bS844t |
||
| 100 | 1 |
_aStevens, Lynsey. _940506 |
|
| 245 | 1 | 0 |
_aTouched by desire / _cLynsey Stevens. |
| 260 |
_aToronto : _bHarlequin Books, _c1993. |
||
| 300 |
_a189 p. ; _c17 cm. |
||
| 490 | 1 |
_aHarlequin Presents _v1643 |
|
| 650 | 4 |
_aNovela estadounidense _9262 |
|
| 650 | 4 |
_aLiteratura estadounidense _9263 |
|
| 830 | 0 |
_aHarlequin Presents ; _v1643 _939950 |
|
| 910 | _aCatalogación derivada / LC | ||
| 049 | _aBNGR | ||
| 999 |
_c18298 _d18298 |
||
| 040 | _aDO-SdBNP | ||